000 02038nam a22002777a 4500
999 _c64188
_d64188
003 Ge_BSU
005 20260430140531.0
008 260430s2010 ge ||||| |||| 00| 0 geo d
020 _a9789941913174
041 _ageo
080 _a338.2(479.2)+316.42(479.2) ვ-94
245 _aვუახლოვდებით ევროპას?
_bეკონომიკური და სოციალური პოლიტიკა საქართველოში, სომხეთსა და აზერბაიჯანში : კრებული /
_c ეკონ. პრობლემების კვლევის ცენტრი, ფრიდრიხ ებერტის ფონდი ; რედ. ეკატერინე ჯორბენაძე].
264 _aთბ.,
_c 2010.
300 _a392გვ. :
_bგრაფ., ცხრ. ;
_c20სმ.
500 _aბიბლიოგრ. ტექსტ. შენიშვნ.
653 _aამიერკავკასიის რესპუბლიკების ეკონომიკური პოლიტიკა
653 _aამიერკავკასიის რესპუბლიკების სოციალური პოლიტიკა
700 _aბუში, კლაუს
_e ავტორი
_927390
700 _aჰაკერი, ბიორნ
_eავტორი
_927391
700 _aსეკარევი, ალექსეი
_eავტორი
_927392
700 _aხადური, ნოდარ
_eავტორი
_927393
700 _aტევანიანი, ანდრანიკ და სხვ.
_eავტორი
_927394
700 _aჯორბენაძე, ეკატერინე
_eრედაქტორი
_927395
710 _aეკონ. პრობლემების კვლევის ცენტრი.
_bფრიდრიხ ებერტის ფონდი
_92170
942 _2udc
_cᲬᲘᲒᲜᲘ